000 00580nam a2200181Ia 4500
005 20250508153422.0
008 008 250505s9999 xx 000 0 eng d
037 _aBooks to be hide in OPAC
040 _aFEDL
_beng
_cFEDL
041 _aeng
_2eng
084 _a371.716, UNI/O
_qFEDL
245 0 _aTeaching nutrition in the elementary schools
245 0 _cU. S. Department of Health, Education and Welfare
260 _aWashington, USA
_bU.S. Government Printing Office
_c1943
300 _a32p.
942 _cHB
_h371.716, UNI/O
999 _c1342732
_d1342732